000 00461cam a2200193ua 4500
001 3052
008 150105n ii |||gr||||Z||||||asm
040 _cMAIN
041 _aasm
082 _a920
100 _aSharma, Banudhar,
_eAuthor.
245 _aArghyavali
_cBy Banudhar Sharma
250 _a1st.
260 _aGuahati:
_bPublicaton board assam,964.
300 _a181p:
_c23cm.
653 _aBiography
653 _aBiography of Arghyavali
942 _cBK
999 _c2899
_d2899